[Event "World Chess Olympiad 2018"]
[Site "Batumi"]
[Date "2018.09.25"]
[Round "2"]
[Board "2"]
[WhiteFideId "13602276"]
[White "Maghalashvili Davit"]
[BlackFideId "1403613"]
[Black "Bekker-Jensen Simon"]
[Result "1/2-1/2"]
[LiveChessVersion "1.4.8"]
[BlackElo "2482"]
[WhiteElo "2508"]

1. Nf3 {[%clk 1:30:52]} Nf6 {[%clk 1:30:43]} 2. c4 {[%clk 1:30:50]} g6
{[%clk 1:31:02]} 3. g3 {[%clk 1:31:08]} Bg7 {[%clk 1:31:21]} 4. Bg2
{[%clk 1:31:33]} O-O {[%clk 1:31:40]} 5. O-O {[%clk 1:31:53]} d6 {[%clk 1:31:51]}
6. d4 {[%clk 1:32:00]} Nc6 {[%clk 1:31:44]} 7. Nc3 {[%clk 1:32:03]} e5
{[%clk 1:31:22]} 8. d5 {[%clk 1:29:28]} Nb8 {[%clk 1:31:22]} 9. c5
{[%clk 1:26:09]} Na6 {[%clk 1:30:18]} 10. cxd6 {[%clk 1:24:19]} cxd6
{[%clk 1:30:37]} 11. a3 {[%clk 1:18:30]} Nc5 {[%clk 1:23:09]} 12. Be3
{[%clk 1:08:05]} Ng4 {[%clk 1:18:23]} 13. Bxc5 {[%clk 0:59:37]} dxc5
{[%clk 1:18:44]} 14. Qb3 {[%clk 0:53:45]} f5 {[%clk 1:10:39]} 15. d6+
{[%clk 0:49:32]} Kh8 {[%clk 1:04:57]} 16. h3 {[%clk 0:37:48]} e4 {[%clk 0:57:59]}
17. hxg4 {[%clk 0:33:35]} exf3 {[%clk 0:58:17]} 18. exf3 {[%clk 0:33:57]} fxg4
{[%clk 0:48:15]} 19. fxg4 {[%clk 0:32:25]} Qxd6 {[%clk 0:48:30]} 20. Rad1
{[%clk 0:21:58]} Qb6 {[%clk 0:46:16]} 21. Qc4 {[%clk 0:18:19]} Qxb2
{[%clk 0:42:21]} 22. Na4 {[%clk 0:15:24]} Qxa3 {[%clk 0:39:23]} 23. Nxc5
{[%clk 0:13:54]} Bxg4 {[%clk 0:37:48]} 24. Qxg4 {[%clk 0:11:13]} Qxc5
{[%clk 0:36:25]} 25. Bxb7 {[%clk 0:11:28]} Rab8 {[%clk 0:29:07]} 26. Rd7
{[%clk 0:10:04]} a5 {[%clk 0:29:02]} 27. Qa4 {[%clk 0:05:39]} Rf6
{[%clk 0:23:01]} 28. Qa2 {[%clk 0:03:54]} Rbf8 {[%clk 0:20:03]} 29. Bg2
{[%clk 0:03:57]} Rf5 {[%clk 0:18:56]} 30. Be4 {[%clk 0:02:48]} Re5
{[%clk 0:17:56]} 31. Qb1 {[%clk 0:02:11]} Qb4 {[%clk 0:16:24]} 32. Bxg6
{[%clk 0:01:08]} hxg6 {[%clk 0:14:03]} 33. Qxg6 {[%clk 0:01:33]} Re7
{[%clk 0:14:06]} 34. Rxe7 {[%clk 0:01:54]} Qxe7 {[%clk 0:14:26]} 35. Qh5+
{[%clk 0:02:21]} Kg8 {[%clk 0:14:16]} 36. Qxa5 {[%clk 0:02:43]} Qe2
{[%clk 0:10:43]} 37. Qd5+ {[%clk 0:02:57]} Rf7 {[%clk 0:09:46]} 38. Kg2
{[%clk 0:02:35]} Bh6 {[%clk 0:08:27]} 39. Qd8+ {[%clk 0:02:26]} Kh7
{[%clk 0:08:03]} 40. Qd5 {[%clk 0:32:42]} Kg6 {[%clk 0:36:42]} 41. Qd6+
{[%clk 0:28:41]} Rf6 {[%clk 0:30:50]} 42. Qd5 {[%clk 0:28:27]} Bg7
{[%clk 0:27:59]} 43. Qb7 {[%clk 0:26:42]} Qc2 {[%clk 0:25:10]} 44. Qd5
{[%clk 0:26:06]} Qe2 {[%clk 0:19:27]} 45. Qb7 {[%clk 0:26:31]} Bf8
{[%clk 0:19:38]} 46. Qd5 {[%clk 0:26:13]} Rf5 {[%clk 0:18:33]} 47. Qg8+
{[%clk 0:25:03]} Bg7 {[%clk 0:18:29]} 48. Qa8 {[%clk 0:25:23]} Bd4
{[%clk 0:14:35]} 49. Qg8+ {[%clk 0:25:07]} Bg7 {[%clk 0:11:51]} 50. Qa8
{[%clk 0:25:33]} Bd4 {[%clk 0:11:32]} 51. Qg8+ {[%clk 0:25:57]} Bg7
{[%clk 0:11:56]} 1/2-1/2

[Event "World Chess Olympiad 2018"]
[Site "Batumi"]
[Date "2018.09.25"]
[Round "2"]
[Board "1"]
[WhiteFideId "927031"]
[White "Popovic Dusan"]
[BlackFideId "503142"]
[Black "Nyback Tomi"]
[Result "1/2-1/2"]
[LiveChessVersion "1.4.8"]
[BlackElo "2579"]
[WhiteElo "2517"]

1. e4 {[%clk 1:30:57]} e5 {[%clk 1:30:55]} 2. Nf3 {[%clk 1:31:18]} Nc6
{[%clk 1:31:20]} 3. Nc3 {[%clk 1:31:41]} Nf6 {[%clk 1:31:30]} 4. Bb5
{[%clk 1:32:02]} Bd6 {[%clk 1:31:20]} 5. a3 {[%clk 1:31:59]} Nd4 {[%clk 1:20:10]}
6. Bc4 {[%clk 1:30:47]} c6 {[%clk 1:17:56]} 7. d3 {[%clk 1:30:04]} Bc7
{[%clk 1:14:22]} 8. Nxd4 {[%clk 1:26:36]} exd4 {[%clk 1:14:45]} 9. Ne2
{[%clk 1:27:02]} d5 {[%clk 1:03:32]} 10. exd5 {[%clk 1:26:56]} Nxd5
{[%clk 0:47:26]} 11. Nxd4 {[%clk 1:22:01]} O-O {[%clk 0:47:41]} 12. O-O
{[%clk 1:20:10]} Bxh2+ {[%clk 0:43:55]} 13. Kxh2 {[%clk 1:20:34]} Qh4+
{[%clk 0:44:18]} 14. Kg1 {[%clk 1:21:01]} Qxd4 {[%clk 0:44:38]} 15. c3
{[%clk 1:07:43]} Qh4 16. Bxd5 {[%clk 0:48:01]} cxd5 {[%clk 0:35:35]} 17. Re1
{[%clk 0:48:22]} Qf6 {[%clk 0:24:24]} 18. Qh5 {[%clk 0:42:41]} Bf5 19. Bg5
{[%clk 0:32:23]} Qg6 {[%clk 0:18:59]} 20. Qxg6 Bxg6 {[%clk 0:17:25]} 21. Re7
{[%clk 0:28:34]} f6 {[%clk 0:17:35]} 22. Be3 {[%clk 0:28:17]} Rf7
{[%clk 0:17:24]} 23. Rxf7 {[%clk 0:28:39]} Kxf7 {[%clk 0:17:47]} 24. c4
{[%clk 0:27:51]} Bxd3 {[%clk 0:10:39]} 25. cxd5 {[%clk 0:28:08]} Rd8
{[%clk 0:09:28]} 26. Rc1 {[%clk 0:16:45]} Rxd5 {[%clk 0:09:13]} 27. Rc7+
{[%clk 0:16:12]} Kg6 {[%clk 0:09:24]} 28. Rxb7 {[%clk 0:16:19]} a5
{[%clk 0:09:41]} 29. b4 {[%clk 0:14:02]} axb4 {[%clk 0:10:01]} 30. axb4
{[%clk 0:12:55]} Rb5 {[%clk 0:09:47]} 1/2-1/2

[Event "World Chess Olympiad 2018"]
[Site "Batumi"]
[Date "2018.09.25"]
[Round "2"]
[Board "2"]
[WhiteFideId "502081"]
[White "Karttunen Mika"]
[BlackFideId "937614"]
[Black "Roganovic Milos"]
[Result "0-1"]
[LiveChessVersion "1.4.8"]
[BlackElo "2527"]
[WhiteElo "2472"]

1. e4 {[%clk 1:30:57]} c5 {[%clk 1:30:46]} 2. Nc3 {[%clk 1:31:15]} Nc6
{[%clk 1:30:52]} 3. Bb5 {[%clk 1:31:32]} g6 {[%clk 1:27:55]} 4. Bxc6
{[%clk 1:31:48]} bxc6 {[%clk 1:28:17]} 5. d3 {[%clk 1:32:04]} Bg7
{[%clk 1:26:24]} 6. f4 {[%clk 1:32:17]} d6 {[%clk 1:24:25]} 7. Nf3
{[%clk 1:32:01]} f5 {[%clk 1:17:44]} 8. e5 {[%clk 1:32:03]} Nh6 {[%clk 1:15:26]}
9. Qe2 {[%clk 1:29:02]} O-O {[%clk 1:04:31]} 10. O-O {[%clk 1:27:54]} Nf7
{[%clk 0:59:14]} 11. Kh1 {[%clk 1:21:38]} Qc7 {[%clk 0:50:32]} 12. Re1
{[%clk 1:21:18]} Nd8 {[%clk 0:48:06]} 13. Na4 {[%clk 1:11:01]} Ne6
{[%clk 0:44:11]} 14. c3 {[%clk 1:05:38]} Bd7 {[%clk 0:41:34]} 15. b3
{[%clk 1:03:01]} Rae8 {[%clk 0:41:19]} 16. Bd2 {[%clk 1:01:56]} Bh6
{[%clk 0:39:36]} 17. g3 {[%clk 1:00:06]} c4 {[%clk 0:38:31]} 18. d4
{[%clk 0:51:54]} Qb7 {[%clk 0:34:11]} 19. Qxc4 {[%clk 0:31:13]} c5
{[%clk 0:33:27]} 20. Re3 {[%clk 0:28:21]} cxd4 {[%clk 0:21:58]} 21. cxd4
{[%clk 0:28:18]} Rc8 {[%clk 0:20:08]} 22. Qb4 {[%clk 0:27:15]} Bc6
{[%clk 0:20:05]} 23. Qxb7 {[%clk 0:25:36]} Bxb7 {[%clk 0:20:33]} 24. Kg1
{[%clk 0:19:43]} Bxf3 {[%clk 0:18:02]} 25. Rxf3 {[%clk 0:20:09]} Nxd4
{[%clk 0:18:27]} 26. Rd3 {[%clk 0:11:29]} dxe5 {[%clk 0:18:53]} 27. Re1
{[%clk 0:11:51]} Rfd8 {[%clk 0:16:14]} 28. Rxe5 {[%clk 0:11:53]} Ne2+
{[%clk 0:16:18]} 29. Rxe2 {[%clk 0:12:18]} Rxd3 {[%clk 0:16:44]} 30. Bb4
{[%clk 0:11:52]} Rd1+ {[%clk 0:13:44]} 31. Kg2 {[%clk 0:12:11]} Rdc1
{[%clk 0:13:13]} 32. Kf3 {[%clk 0:01:26]} R1c2 {[%clk 0:12:47]} 33. h4
{[%clk 0:01:33]} Rxe2 {[%clk 0:13:06]} 34. Kxe2 {[%clk 0:02:00]} Rc2+
{[%clk 0:13:20]} 35. Kf3 {[%clk 0:02:27]} Rxa2 {[%clk 0:13:20]} 36. Bc5
{[%clk 0:02:01]} Bf8 {[%clk 0:12:26]} 37. Bxa7 {[%clk 0:02:05]} Ra3
{[%clk 0:12:48]} 38. Be3 {[%clk 0:02:03]} e6 {[%clk 0:12:48]} 39. Nb6
{[%clk 0:02:15]} Rxb3 {[%clk 0:13:06]} 40. Nd7 {[%clk 0:32:42]} Bd6
{[%clk 0:43:09]} 41. Kf2 {[%clk 0:31:44]} Kf7 {[%clk 0:42:16]} 42. Bd4
{[%clk 0:31:16]} Ke7 {[%clk 0:41:52]} 43. Nf6 {[%clk 0:29:42]} Bc5
{[%clk 0:41:37]} 0-1

[Event "World Chess Olympiad 2018"]
[Site "Batumi"]
[Date "2018.09.25"]
[Round "2"]
[Board "3"]
[WhiteFideId "912336"]
[White "Zajic Milan"]
[BlackFideId "501840"]
[Black "Agopov Mikael"]
[Result "1/2-1/2"]
[LiveChessVersion "1.4.8"]
[BlackElo "2447"]
[WhiteElo "2497"]

1. e4 {[%clk 1:30:57]} c5 {[%clk 1:30:57]} 2. Nf3 {[%clk 1:31:23]} d6
{[%clk 1:31:25]} 3. Bb5+ {[%clk 1:31:49]} Bd7 {[%clk 1:31:52]} 4. c4
{[%clk 1:32:07]} Nc6 {[%clk 1:31:53]} 5. Nc3 {[%clk 1:32:01]} Nf6
{[%clk 1:32:17]} 6. d4 {[%clk 1:32:14]} cxd4 {[%clk 1:32:43]} 7. Nxd4
{[%clk 1:32:41]} g6 {[%clk 1:33:09]} 8. h3 {[%clk 1:26:41]} Bg7 {[%clk 1:31:22]}
9. Be3 {[%clk 1:27:00]} O-O {[%clk 1:31:46]} 10. O-O {[%clk 1:27:20]} Rc8
{[%clk 1:30:12]} 11. Rc1 {[%clk 1:26:02]} a6 {[%clk 1:30:20]} 12. Bxc6
{[%clk 1:26:23]} Bxc6 {[%clk 1:30:47]} 13. Qd3 {[%clk 1:24:34]} Nd7
{[%clk 1:29:52]} 14. Rfd1 {[%clk 1:23:21]} Nc5 {[%clk 1:21:38]} 15. Qc2
{[%clk 1:22:54]} Qe8 {[%clk 1:12:39]} 16. b3 {[%clk 0:54:02]} Ne6
{[%clk 1:12:33]} 17. Nxe6 {[%clk 0:52:49]} fxe6 {[%clk 1:09:26]} 18. Qd2
{[%clk 0:45:51]} Qf7 {[%clk 0:54:41]} 19. Bd4 {[%clk 0:44:21]} Bxd4
{[%clk 0:50:30]} 20. Qxd4 {[%clk 0:44:48]} Qf4 {[%clk 0:50:52]} 21. Rc2
{[%clk 0:36:21]} Qg5 {[%clk 0:44:23]} 22. Rd3 {[%clk 0:32:46]} b5
{[%clk 0:40:02]} 23. Rg3 {[%clk 0:28:48]} Qf6 {[%clk 0:39:32]} 24. Qxf6
{[%clk 0:24:29]} exf6 {[%clk 0:39:48]} 25. Rd2 {[%clk 0:20:35]} Rfd8
{[%clk 0:35:56]} 26. Rgd3 {[%clk 0:13:56]} Kf8 {[%clk 0:34:07]} 27. cxb5
{[%clk 0:11:36]} axb5 {[%clk 0:34:32]} 28. Rxd6 {[%clk 0:11:23]} Rxd6
{[%clk 0:34:55]} 29. Rxd6 {[%clk 0:11:49]} Ke7 {[%clk 0:34:14]} 30. Rd2
{[%clk 0:02:35]} b4 {[%clk 0:31:17]} 31. Ne2 {[%clk 0:02:55]} Bxe4
{[%clk 0:30:11]} 32. Rd4 {[%clk 0:03:20]} Bd5 {[%clk 0:27:53]} 33. Nf4
{[%clk 0:02:08]} Rc1+ {[%clk 0:24:12]} 34. Kh2 {[%clk 0:02:36]} Rc2
{[%clk 0:24:36]} 35. Nxd5+ {[%clk 0:02:42]} exd5 {[%clk 0:25:02]} 36. Rxd5
{[%clk 0:02:49]} Rxa2 {[%clk 0:24:52]} 37. Rb5 {[%clk 0:02:57]} Rxf2
{[%clk 0:25:16]} 38. Rxb4 {[%clk 0:03:24]} h5 {[%clk 0:25:38]} 39. Kg3
{[%clk 0:03:21]} Rc2 {[%clk 0:25:12]} 40. h4 {[%clk 0:32:44]} g5 {[%clk 0:54:56]}
41. hxg5 {[%clk 0:32:07]} fxg5 {[%clk 0:53:08]} 42. Rb6 {[%clk 0:27:54]} 1/2-1/2

[Event "World Chess Olympiad 2018"]
[Site "Batumi"]
[Date "2018.09.25"]
[Round "2"]
[Board "2"]
[WhiteFideId "1007998"]
[White "L'Ami Erwin"]
[BlackFideId "2401878"]
[Black "Tate Alan"]
[Result "1-0"]
[LiveChessVersion "1.4.8"]
[BlackElo "2345"]
[WhiteElo "2639"]

1. e4 {[%clk 1:30:56]} e5 {[%clk 1:30:37]} 2. Nf3 {[%clk 1:31:17]} Nc6
{[%clk 1:30:59]} 3. Bb5 {[%clk 1:31:32]} Nf6 {[%clk 1:31:24]} 4. O-O
{[%clk 1:31:27]} Nxe4 {[%clk 1:31:45]} 5. Re1 {[%clk 1:31:34]} Nd6
{[%clk 1:32:05]} 6. Nxe5 {[%clk 1:31:56]} Be7 {[%clk 1:31:56]} 7. Bf1
{[%clk 1:32:13]} Nf5 {[%clk 1:30:57]} 8. Nf3 {[%clk 1:32:26]} O-O
{[%clk 1:31:09]} 9. Nc3 {[%clk 1:32:49]} d5 {[%clk 1:27:59]} 10. Ne2
{[%clk 1:32:49]} Bd6 {[%clk 1:11:29]} 11. d4 {[%clk 1:33:02]} Nh4
{[%clk 1:06:04]} 12. Nxh4 {[%clk 1:32:52]} Qxh4 {[%clk 1:05:46]} 13. g3
{[%clk 1:33:15]} Qf6 {[%clk 1:02:35]} 14. c3 {[%clk 1:33:17]} Nd8
{[%clk 0:50:54]} 15. Bf4 {[%clk 1:20:03]} c6 {[%clk 0:45:12]} 16. Qb3
{[%clk 1:17:53]} Rb8 {[%clk 0:42:55]} 17. Bxd6 {[%clk 1:08:19]} Qxd6
{[%clk 0:43:22]} 18. Nf4 {[%clk 1:08:33]} Ne6 {[%clk 0:40:41]} 19. Nxe6
{[%clk 1:07:20]} Bxe6 {[%clk 0:41:04]} 20. Re3 {[%clk 1:07:03]} b6
{[%clk 0:37:00]} 21. Rae1 {[%clk 1:05:13]} Rb7 {[%clk 0:29:48]} 22. f4
{[%clk 0:56:03]} Rbb8 {[%clk 0:19:16]} 23. Bd3 {[%clk 0:52:25]} Bd7
{[%clk 0:17:47]} 24. Qc2 {[%clk 0:50:36]} g6 {[%clk 0:14:16]} 25. f5
{[%clk 0:49:01]} Rbe8 {[%clk 0:12:36]} 26. Re5 {[%clk 0:49:04]} Kg7
{[%clk 0:09:25]} 27. Kg2 {[%clk 0:30:45]} f6 {[%clk 0:07:14]} 28. Rxe8
{[%clk 0:28:42]} Rxe8 {[%clk 0:07:38]} 29. Rf1 {[%clk 0:28:41]} g5
{[%clk 0:02:47]} 30. Qd2 {[%clk 0:27:37]} Qe7 {[%clk 0:02:14]} 31. Kf2
{[%clk 0:27:16]} Qf7 {[%clk 0:02:13]} 32. Qd1 {[%clk 0:24:15]} Re7
{[%clk 0:01:27]} 33. h4 {[%clk 0:24:17]} h6 {[%clk 0:00:42]} 34. Rh1
{[%clk 0:24:12]} Re8 {[%clk 0:00:51]} 35. Qf3 {[%clk 0:21:21]} Qe7
{[%clk 0:00:50]} 36. a3 {[%clk 0:17:02]} Qf7 {[%clk 0:00:33]} 37. g4
{[%clk 0:17:03]} Rh8 {[%clk 0:00:33]} 38. Qg3 {[%clk 0:16:28]} Re8
{[%clk 0:00:34]} 39. hxg5 {[%clk 0:14:46]} hxg5 {[%clk 0:00:41]} 40. Qh2
{[%clk 0:44:49]} Kf8 {[%clk 0:30:36]} 41. Qd6+ {[%clk 0:38:38]} Kg7
{[%clk 0:28:32]} 42. Qh2 {[%clk 0:29:35]} Kf8 {[%clk 0:26:16]} 43. Qc7
{[%clk 0:28:11]} Kg7 {[%clk 0:25:23]} 44. Kg2 {[%clk 0:21:07]} Re3
{[%clk 0:13:16]} 45. Qh2 {[%clk 0:19:11]} Qe8 {[%clk 0:05:19]} 46. Qh7+
{[%clk 0:17:09]} Kf8 {[%clk 0:05:46]} 47. Kf2 {[%clk 0:17:23]} 1-0

[Event "World Chess Olympiad 2018"]
[Site "Batumi"]
[Date "2018.09.25"]
[Round "2"]
[Board "3"]
[WhiteFideId "5601061"]
[White "Darmanin Jake"]
[BlackFideId "10700234"]
[Black "Brookfield Toby"]
[Result "1-0"]
[LiveChessVersion "1.4.8"]
[BlackElo "1873"]
[WhiteElo "2069"]

1. d4 {[%clk 1:30:55]} Nf6 {[%clk 1:29:57]} 2. Nc3 {[%clk 1:30:33]} g6
{[%clk 1:30:12]} 3. e4 {[%clk 1:29:16]} d6 {[%clk 1:29:40]} 4. Nf3
{[%clk 1:28:55]} Bg7 {[%clk 1:29:38]} 5. h3 {[%clk 1:28:06]} O-O {[%clk 1:29:44]}
6. Be3 {[%clk 1:27:55]} e5 {[%clk 1:21:53]} 7. dxe5 {[%clk 1:10:53]} dxe5
{[%clk 1:21:38]} 8. Qxd8 {[%clk 1:10:25]} Rxd8 {[%clk 1:22:01]} 9. Bc4
{[%clk 1:10:29]} Nbd7 {[%clk 1:12:35]} 10. O-O-O {[%clk 1:00:31]} Rf8
{[%clk 1:12:13]} 11. Nb5 {[%clk 0:56:39]} c5 {[%clk 1:00:17]} 12. Nd6
{[%clk 0:38:41]} h6 {[%clk 0:59:32]} 13. g4 {[%clk 0:33:21]} Nb6 {[%clk 0:53:07]}
14. Nxe5 {[%clk 0:24:13]} Nxc4 {[%clk 0:52:23]} 15. Nexc4 {[%clk 0:23:53]} Be6
{[%clk 0:51:05]} 16. f3 {[%clk 0:14:02]} Nd7 {[%clk 0:43:42]} 17. b3
{[%clk 0:11:18]} b6 {[%clk 0:42:27]} 18. f4 {[%clk 0:07:51]} Rfb8
{[%clk 0:36:36]} 19. f5 {[%clk 0:06:55]} Bxc4 {[%clk 0:36:27]} 20. Nxc4
{[%clk 0:07:03]} Rb7 {[%clk 0:28:00]} 21. Bf4 {[%clk 0:06:01]} g5
{[%clk 0:25:39]} 22. Bg3 {[%clk 0:04:29]} Bd4 {[%clk 0:25:32]} 23. Rd3
{[%clk 0:03:44]} b5 {[%clk 0:25:27]} 24. Na5 {[%clk 0:02:34]} Rb6
{[%clk 0:24:36]} 25. c3 {[%clk 0:02:02]} Be5 {[%clk 0:22:02]} 26. Rhd1
{[%clk 0:01:50]} Ra6 {[%clk 0:19:45]} 27. Rxd7 {[%clk 0:01:44]} Bxg3
{[%clk 0:20:04]} 28. Rd8+ {[%clk 0:01:49]} Rxd8 {[%clk 0:20:21]} 29. Rxd8+
{[%clk 0:02:18]} Kg7 {[%clk 0:20:35]} 30. b4 {[%clk 0:01:06]} cxb4
{[%clk 0:17:49]} 31. cxb4 {[%clk 0:01:11]} Bc7 {[%clk 0:17:31]} 32. Rd7
{[%clk 0:01:12]} Bxa5 {[%clk 0:15:51]} 33. bxa5 {[%clk 0:01:41]} Kf6
{[%clk 0:12:07]} 34. e5+ {[%clk 0:01:18]} Kxe5 {[%clk 0:12:13]} 35. Rxf7
{[%clk 0:01:47]} Rc6+ {[%clk 0:10:28]} 36. Kd2 {[%clk 0:01:31]} a6
{[%clk 0:10:44]} 37. Re7+ {[%clk 0:01:18]} Kf6 {[%clk 0:10:01]} 38. Rh7
{[%clk 0:01:46]} Ke5 {[%clk 0:09:54]} 39. Re7+ {[%clk 0:01:56]} Kf6
{[%clk 0:09:57]} 40. Rh7 {[%clk 0:32:24]} Ke5 {[%clk 0:40:10]} 41. Rg7
{[%clk 0:24:31]} Rd6+ {[%clk 0:35:07]} 42. Kc3 {[%clk 0:18:09]} Rc6+
{[%clk 0:34:34]} 43. Kb2 {[%clk 0:18:06]} Rd6 {[%clk 0:33:10]} 44. Rg6
{[%clk 0:15:51]} Rd2+ {[%clk 0:27:10]} 45. Kb1 {[%clk 0:16:07]} Rd6
{[%clk 0:26:55]} 46. Rxd6 {[%clk 0:16:21]} Kxd6 {[%clk 0:26:57]} 47. Kc2
{[%clk 0:16:45]} Kc6 {[%clk 0:24:43]} 48. Kc3 {[%clk 0:17:06]} Kc5
{[%clk 0:25:02]} 49. f6 {[%clk 0:17:22]} Kd6 {[%clk 0:25:26]} 50. Kd4 1-0

[Event "World Chess Olympiad 2018"]
[Site "Batumi"]
[Date "2018.09.25"]
[Round "2"]
[Board "1"]
[WhiteFideId "405817"]
[White "Greet Andrew N"]
[BlackFideId "24116068"]
[Black "Giri Anish"]
[Result "0-1"]
[LiveChessVersion "1.4.8"]
[BlackElo "2780"]
[WhiteElo "2441"]

1. d4 {[%clk 1:30:56]} d5 {[%clk 1:30:56]} 2. c4 {[%clk 1:30:44]} e6
{[%clk 1:31:22]} 3. Nf3 {[%clk 1:30:57]} Nd7 {[%clk 1:31:47]} 4. Nbd2
{[%clk 1:15:32]} Ngf6 {[%clk 1:30:39]} 5. g3 {[%clk 1:14:38]} b6 {[%clk 1:26:51]}
6. Bg2 {[%clk 1:12:55]} Bb7 {[%clk 1:26:38]} 7. O-O {[%clk 1:12:54]} Be7
{[%clk 1:27:02]} 8. b3 {[%clk 1:11:13]} O-O {[%clk 1:25:38]} 9. Bb2
{[%clk 1:11:30]} Re8 {[%clk 1:18:15]} 10. Rc1 {[%clk 1:07:04]} c5
{[%clk 1:16:24]} 11. dxc5 {[%clk 0:54:46]} bxc5 {[%clk 1:14:52]} 12. Ne5
{[%clk 0:49:38]} Nxe5 {[%clk 1:07:39]} 13. Bxe5 {[%clk 0:50:01]} Qb6
{[%clk 1:03:39]} 14. e3 {[%clk 0:45:20]} Rad8 {[%clk 1:03:36]} 15. cxd5
{[%clk 0:38:51]} exd5 {[%clk 1:03:42]} 16. Qc2 {[%clk 0:38:55]} Ng4
{[%clk 0:54:27]} 17. Bf4 {[%clk 0:29:40]} h6 {[%clk 0:52:17]} 18. h3
{[%clk 0:28:49]} Nf6 {[%clk 0:52:26]} 19. e4 {[%clk 0:20:06]} Nh5
{[%clk 0:38:14]} 20. Be3 {[%clk 0:17:53]} d4 {[%clk 0:34:31]} 21. Nc4
{[%clk 0:18:08]} Qg6 {[%clk 0:33:27]} 22. Bd2 {[%clk 0:17:21]} Bh4
{[%clk 0:33:29]} 23. Rce1 {[%clk 0:13:48]} Nxg3 {[%clk 0:31:05]} 24. fxg3
{[%clk 0:13:59]} Bxg3 {[%clk 0:31:30]} 25. Ba5 {[%clk 0:08:24]} Rd7
{[%clk 0:28:13]} 26. Qd3 {[%clk 0:02:17]} Bxe1 {[%clk 0:28:10]} 27. Rxe1
{[%clk 0:02:39]} f5 {[%clk 0:26:47]} 28. Kh2 {[%clk 0:01:01]} fxe4
{[%clk 0:26:04]} 29. Qg3 {[%clk 0:01:18]} Qxg3+ {[%clk 0:25:17]} 30. Kxg3
{[%clk 0:01:45]} Re6 {[%clk 0:22:43]} 31. Rc1 {[%clk 0:00:48]} Bd5
{[%clk 0:19:07]} 32. Bf1 {[%clk 0:00:55]} Rf7 {[%clk 0:18:08]} 33. Be2
{[%clk 0:00:35]} Rg6+ {[%clk 0:18:26]} 34. Kh4 {[%clk 0:00:40]} Rg2
{[%clk 0:14:32]} 35. Bg4 {[%clk 0:01:00]} Rxa2 {[%clk 0:13:49]} 36. Be1
{[%clk 0:00:45]} Rf1 {[%clk 0:11:56]} 37. Ne5 {[%clk 0:01:01]} Bxb3
{[%clk 0:11:28]} 38. Rxc5 {[%clk 0:00:49]} Rxe1 {[%clk 0:11:09]} 39. Rc8+
{[%clk 0:00:44]} Kh7 {[%clk 0:11:37]} 40. Bf5+ {[%clk 0:30:42]} g6
{[%clk 0:42:06]} 41. Rc7+ {[%clk 0:30:35]} Kg8 {[%clk 0:42:06]} 42. Bxg6
{[%clk 0:21:53]} Rg2 {[%clk 0:31:51]} 43. Ng4 {[%clk 0:11:56]} Rxg4+
{[%clk 0:29:04]} 44. Kxg4 {[%clk 0:11:54]} d3 {[%clk 0:29:21]} 45. Kh5
{[%clk 0:10:53]} d2 {[%clk 0:29:31]} 46. Kxh6 {[%clk 0:11:11]} Kf8
{[%clk 0:29:59]} 0-1

[Event "World Chess Olympiad 2018"]
[Site "Batumi"]
[Date "2018.09.25"]
[Round "2"]
[Board "3"]
[WhiteFideId "2402564"]
[White "Sreeves Clement"]
[BlackFideId "1000268"]
[Black "Van Wely Loek"]
[Result "0-1"]
[LiveChessVersion "1.4.8"]
[BlackElo "2642"]
[WhiteElo "2382"]

1. e4 {[%clk 1:30:57]} c5 {[%clk 1:30:51]} 2. Nf3 {[%clk 1:31:23]} d6
{[%clk 1:30:56]} 3. d4 {[%clk 1:31:45]} cxd4 {[%clk 1:31:21]} 4. Nxd4
{[%clk 1:32:12]} Nf6 {[%clk 1:31:40]} 5. Nc3 {[%clk 1:32:37]} a6 {[%clk 1:32:01]}
6. Be3 {[%clk 1:33:00]} e6 {[%clk 1:32:20]} 7. g4 {[%clk 1:29:19]} h6
{[%clk 1:32:06]} 8. Bg2 {[%clk 1:28:48]} Nc6 {[%clk 1:29:50]} 9. h3
{[%clk 1:23:27]} Qc7 {[%clk 1:11:50]} 10. Qe2 {[%clk 1:22:25]} g5
{[%clk 1:07:44]} 11. O-O-O {[%clk 1:08:51]} Ne5 {[%clk 1:03:55]} 12. f4
{[%clk 1:02:56]} gxf4 {[%clk 0:53:40]} 13. Bxf4 {[%clk 1:03:17]} b5
{[%clk 0:53:32]} 14. g5 {[%clk 0:55:48]} hxg5 {[%clk 0:49:12]} 15. Bxg5
{[%clk 0:56:04]} Nfd7 {[%clk 0:48:45]} 16. Rhf1 {[%clk 0:30:03]} b4
{[%clk 0:33:21]} 17. Nb1 {[%clk 0:13:19]} Qc4 {[%clk 0:30:23]} 18. Qf2
{[%clk 0:12:46]} Qxa2 {[%clk 0:27:58]} 19. Nc6 {[%clk 0:12:45]} Rg8
{[%clk 0:21:40]} 20. Nxb4 {[%clk 0:12:18]} Qa1 {[%clk 0:20:27]} 21. h4
{[%clk 0:08:25]} Nc5 {[%clk 0:10:40]} 22. Qd4 {[%clk 0:02:18]} Rxg5
{[%clk 0:06:14]} 23. hxg5 {[%clk 0:02:36]} Be7 {[%clk 0:06:23]} 24. Rf6
{[%clk 0:02:32]} a5 {[%clk 0:05:39]} 25. Nd3 {[%clk 0:02:13]} Nexd3+
{[%clk 0:04:19]} 26. Rxd3 {[%clk 0:02:40]} Nxd3+ {[%clk 0:04:34]} 27. Qxd3
{[%clk 0:02:46]} Rb8 {[%clk 0:02:15]} 28. Qc3 {[%clk 0:03:04]} Qa4
{[%clk 0:01:56]} 29. g6 {[%clk 0:01:33]} Bxf6 {[%clk 0:02:04]} 30. Qxf6
{[%clk 0:01:59]} fxg6 {[%clk 0:02:28]} 31. Qxg6+ {[%clk 0:01:38]} Kd8
{[%clk 0:02:44]} 32. Qf6+ {[%clk 0:01:31]} Kc7 {[%clk 0:02:58]} 33. Qc3+
{[%clk 0:01:22]} Kb7 {[%clk 0:02:50]} 34. Na3 {[%clk 0:01:26]} Qb4
{[%clk 0:02:57]} 35. Nc4 {[%clk 0:00:41]} Qxc3 {[%clk 0:02:53]} 36. bxc3
{[%clk 0:01:10]} a4 {[%clk 0:02:55]} 37. Nxd6+ {[%clk 0:01:32]} Kc6
{[%clk 0:01:50]} 38. e5+ {[%clk 0:01:36]} Kc5 {[%clk 0:01:58]} 39. Nxc8
{[%clk 0:00:33]} a3 {[%clk 0:01:51]} 40. Nd6 {[%clk 0:30:44]} a2 {[%clk 0:32:14]}
41. Ne4+ {[%clk 0:31:01]} Kc4 {[%clk 0:30:32]} 0-1